Усталость упрочненных цементацией сталей при ударных нагрузках: Диссертация на соискание ученой степени кандидата технических наук

Chi tiết về thư mục
Tác giả chính: Козырев Г. В.
Tác giả của công ty: Томский инженерно-строительный институт (ТИСИ)
Tác giả khác: Топоров Г. В. (научный руководитель)
Ngôn ngữ:Tiếng Nga
Được phát hành: Томск, 1972
Những chủ đề:
Định dạng: Sách
KOHA link:https://koha.lib.tpu.ru/cgi-bin/koha/opac-detail.pl?biblionumber=132399

MARC

LEADER 00000nbm0a2200000 4500
001 132399
005 20231031134831.0
035 |a (RuTPU)RU\TPU\book\143364 
090 |a 132399 
100 |a 20080303d1972 k y0rusy50 ca 
101 0 |a rus 
102 |a RU 
105 |a a m 001zy 
200 1 |a Усталость упрочненных цементацией сталей при ударных нагрузках  |e Диссертация на соискание ученой степени кандидата технических наук  |f Г. В. Козырев  |g Томский инженерно-строительный институт (ТИСИ) ; науч. рук. Г. В. Топоров 
210 |a Томск  |d 1972 
215 |a 150 л.  |c ил. 
320 |a Библиогр.: с. 141-150 ( 158 назв.) 
610 1 |a стали 
610 1 |a ударные нагрузки 
610 1 |a цементация 
610 1 |a усталость 
610 1 |a прочность 
610 1 |a вязкость 
610 1 |a сопротивление 
610 1 |a циклические нагрузки 
610 1 |a трещины 
610 1 |a концентрация 
610 1 |a углерод 
610 1 |a аустенит 
610 1 |a деформация 
610 1 |a сердцевина 
610 1 |a методика изучения 
610 1 |a исследование 
610 1 |a диссертации 
675 |a 621.7м144(04)  |v 3 
675 |a 624.014(04)  |v 3 
700 1 |a Козырев  |b Г. В. 
702 1 |a Топоров  |b Г. В.  |4 727 
712 0 2 |a Томский инженерно-строительный институт (ТИСИ)  |2 stltpush  |3 (RuTPU)RU\TPU\col\7823 
801 1 |a RU  |b 63413507  |c 20080303  |g PSBO 
801 2 |a RU  |b 63413507  |c 20080303  |g PSBO 
942 |c BK